00373nam a22001097a 4500003000400000020001800004082001900022100004500041245009500086260007400181300000800255SGT a9789355002211 a891.4309bR22C aचौबे, कृपाशंकर  aराष्ट्र निर्माताओं की पत्रकारिता bप्रलेख प्रकाशन प्रा. लि. c2022 a159